| 000 | 01098nam a22003257a 4500 | ||
|---|---|---|---|
| 001 | BR8900379 | ||
| 003 | BR-BrBNA | ||
| 005 | 20230928093131.0 | ||
| 007 | ta | ||
| 008 | 230509b bl.||||| |||| 00| 0 por d | ||
| 040 |
_aBR-BrBNA _bpor _cBiblioteca Nacional de Agricultura |
||
| 041 | _a(Por) | ||
| 072 |
_aM40 _b8310 _b8440 _b8150 _b/G514 |
||
| 090 | _ 8310 BR8900379 | ||
| 100 | 1 | _aNascimento, P.A.M. do | |
| 100 | 1 | _aPoli, C.R.P. (eds.) | |
| 110 | 1 | _aUniversidade Federal de Santa Catarina, Florianopolis (Brasil) | |
| 111 | 1 |
_a1. Seminario sobre Ciencias do Mar; 5. Semana da Pesquisa da Universidade Federal de Santa Catarina _cFlorianopolis, SC (Brazil) _d6-7 Nov 1985 |
|
| 245 | 1 | _aAnais do 1. Seminario sobre Ciencias do Mar e 5. Semana da Pesquisa da Universidade Federal de Santa Catarina | |
| 260 | 3 |
_aFlorianopolis, SC (Brasil): _c1986. |
|
| 300 | _a165 p. | ||
| 650 | _aCAMARAO | ||
| 650 | _aOSTRA | ||
| 650 | _aPEIXE MARINHO | ||
| 650 | _aBIOLOGIA AQUATICA | ||
| 650 | _aPESQUISA | ||
| 650 | _aSANTA CATARINA | ||
| 909 |
_a202309 _bLucia _c55 _dLucia Elande |
||
| 942 | _cBK | ||
| 999 |
_c43189 _d43189 |
||